| 000 | 00326 a2200121 4500 | ||
|---|---|---|---|
| 003 | Nust | ||
| 005 | 20170207154320.0 | ||
| 040 | _cNust | ||
| 245 |
_aCloud Computing: Theory and Practice (E-Book) _hDan C. Marinescu |
||
| 260 |
_aDepartment of Electrical Engineering & Computer Science _bUSA _c2012 |
||
| 300 | _a404 p | ||
| 651 | _aE-Book | ||
| 942 |
_2ddc _cBK |
||
| 999 |
_c196714 _d196714 |
||